| 000 | 01256cam a2200361 i 4500 | ||
|---|---|---|---|
| 001 | 768714001 | ||
| 003 | CO-MdFUSB | ||
| 005 | 20220630141404.0 | ||
| 007 | ta | ||
| 008 | 800527t1980 pau b 000 0 eng | ||
| 020 | _a0800614070 | ||
| 040 |
_aDLC _cCO-MdFUSB _dDLC _bspa _erda |
||
| 041 | 1 | _aeng | |
| 082 | 0 | 0 |
_a220.601 _223 _bR541 |
| 100 | 1 |
_aRicœur, Paul. _eautor |
|
| 245 | 1 | 0 |
_aEssays on Biblical interpretation / _cPaul Ricoeur ; editado por Lewis S. Mudge. |
| 264 | 1 |
_aPhiladelphia : _bFortress Press, _c[1980] |
|
| 264 | 4 | _c© 1980 | |
| 300 |
_a182 páginas ; _c22 cm. |
||
| 336 |
_2rdacontent _atexto _btxt |
||
| 337 |
_2rdamedia _asin mediación _bn |
||
| 338 |
_2rdacarrier _avolumen _bnc |
||
| 500 | _aEnsayos traducidos del francés y publicados en inglés entre 1974 y 1979. | ||
| 504 | _aIncluye referencias bibliográficas. | ||
| 505 | 0 | _aPrefacio a Bultmann. -- Hacia una hermenéutica de la idea de revelación. -- La hermenéutica del testimonio. -- La libertad a la luz de la esperanza. | |
| 563 | _aRústico | ||
| 650 | 7 |
_9418 _aHermenéutica |
|
| 650 | 7 |
_9404 _aBiblia _xCrítica, interpretación, etc. |
|
| 700 | 1 |
_aMudge, Lewis Seymour. _eeditor |
|
| 942 | _cBK | ||
| 945 | _aJTF-925 | ||
| 999 |
_c67616 _d67616 |
||